000 02083cam a2200613 i 4500
001 29384
003 KOSZ 005
005 20240913062855.0
008 240610s1990 pl a g 000 0 pol
015 _aUWD 1990/9326
020 _a8303029150
035 _a991002438679705066
035 _a(PL-WaBN)b10671274-48omnis_nlop
035 _ab10671274
035 _a(OCoLC)834122188
035 _azz2005844948
035 _a(PL)b0000001067127
035 _a(EXLNZ-48OMNIS_NETWORK)9910264398705606
040 _aWA N
_cWA N
_dKOSZ 005/RW
045 _bd1904
_bd1907
046 _k1990
080 _a94(438).071
080 _a323.27
100 1 _aTych, Feliks
_d(1929-2015)
_eAutor
245 1 0 _aRok 1905 /
_cFeliks Tych.
250 _aWydanie I.
260 _aWarszawa :
_bKrajowa Agencja Wydawnicza,
_c1990.
300 _a80 stron :
_bfaksy, fotografie, portrety, wykresy ;
_c27 cm.
336 _aTekst
_btxt
_2rdacontent
337 _aBez urządzenia pośredniczącego
_bn
_2rdamedia
338 _aWolumin
_bnc
_2rdacarrier
380 _aKsiążki
380 _aPublikacje popularnonaukowe
388 1 _a1901-2000
388 1 _a1989-2000
490 1 _aDzieje narodu i państwa polskiego ;
_vIII-54
500 _aOpis wg okładki. Koniec tekstu na stronie 3 okładki.
504 _aWskazówki bibliograficzne na stronie 78.
648 7 _a1901-2000
650 7 _aPowstanie łódzkie (1905)
_2DBN
650 7 _aRewolucja 1905 roku
_2DBN
650 7 _aRuchy społeczne
_2DBN
651 7 _aKrólestwo Polskie (1815-1915)
_2DBN
651 7 _aPolska
_2DBN
651 7 _aRosja
_2DBN
655 7 _aWydawnictwa popularne
658 _aHistoria
658 _aPolityka, politologia, administracja publiczna
710 2 _aKrajowa Agencja Wydawnicza
_4pbl
830 0 _aDzieje Narodu i Państwa Polskiego
_vIII-54
856 _uhttps://koha.tu.koszalin.pl/cgi-bin/koha/opac-detail.pl?biblionumber=29384
_yKatalog online BPK
942 _2UKD
_cKS
999 _c29384
_d29384